000 00616nam a2200217Ia 4500
005 20250923144647.0
008 008 250917s9999 xx 000 0 eng d
037 _aTextual
040 _aDSWL
_beng
_cDSWL
041 _aeng
_2eng
084 _aL:5oaY31, N58
_qDSWL
100 _aWagner, E.G.
_9827098
245 0 _aExcueta disposal four rual areas and small communities
_cby E.G. Wagner
260 _bWorld Health Organization
_c1958
300 _a187p.
365 _aGBP
_b5
700 _a J.N. Lanoix
_9827099
925 _g5
942 _cTEXL
_hL:5oaY31, N58
999 _c1441729
_d1441729